Türkiye gönüllü kültür teşekkülleri 6. İstişare Toplantısı (Record no. 7118)

MARC details
000 -BAŞLIK
Sabit Uzunlukta Kontrol Alanı 00891na a2200253 4500
001 - KONTROL NUMARASI
Denetim Alanı 13320
003 - KONTROL NUMARASI IDENTIFIER
Denetim Alanı MIRAKIL
005 - SON İŞLEM TARİHİ VE ZAMANI
Denetim Alanı 20181213155128.0
008 - SABİT-BOY VERİ ELEMANLARI - GENEL BİLGİLER
Sabit Uzunlukta Kontrol Alanı 161024b tu 000 0
035 ## - SİSTEM KONTROL NUMARASI
Sistem Kontrol Numarası 13320
040 ## - KATALOGLAMA KAYNAK
Orijinal Kataloglama Ajansı Milas
Kataloglama Dili tur
Metne Dönüştürmek Ajansı TR-AnCHP
041 ## - DİL KODU
Metin / Ses Parça Veya Ayrı Başlığın Dil Kodu tur
082 ## - DEWEY ONLU SINIFLANDIRMA NUMARASI
Sınıflandırma Numarası 303.409561
Ürün Numarası T96t 1996
090 ## - SINIFLAMA NUMARASI
Sınıflama Numarası 303.409561 T96t 1997
111 ## - ANA GİRİŞ - TOPLANTI ADI
Giriş Elemanı Olarak Toplantı Adı Veya Yargı Alanı Adı Türkiye'yi Yeniden Düşünmek
Toplantının Yeri Ankara
Toplantı Veya Antlaşma İmzalandığı Tarihi 1996
245 ## - BAŞLIK TABLOSU
Başlık Türkiye gönüllü kültür teşekkülleri 6. İstişare Toplantısı
Başlığın Kalan Türkiye'yi Yeniden Düşünmek Sempozyumu, 22- 23 Haziran 1996, Ankara
Sorumluluk Tablosu, Vb yayına hazırlayan Aydın Ünal
260 ## - YAYIN, DAĞITIM, VB
Yayın, Dağıtım, Vb Yeri Ankara
Yayıncı, Dağıtıcı, Vs Adı Hak-İş
Yayın, Dağıtım, Vb Tarihi 1997
300 ## - FİZİKSEL TANIM
Kapsam 335 s.
Boyutlar 21 sm.
490 ## - SERİSİ TABLOSU
Seri Beyanı HAK-İŞ Eğitim yayınları
Hacim / Ardışık Tanımı 34
650 ## - KONU KATMA GİRİŞ - TOPİKAL DÖNEM
Topikal Süreli Veya Coğrafi Ad Giriş Elemanı Toplumsal değişim
Genel Alt Bölümü Türkiye
Kronolojik Alt Bölümü Toplantılar
650 ## - KONU KATMA GİRİŞ - TOPİKAL DÖNEM
Topikal Süreli Veya Coğrafi Ad Giriş Elemanı Sivil toplum kuruluşları (STK)
Genel Alt Bölümü Türkiye
Kronolojik Alt Bölümü Toplantılar
700 ## - KATMA GİRİŞ - KİŞİSEL İSİM
Kişisel Ad Ünal, Aydın
942 ## - EKLENDİ GİRİŞ ELEMANLARI (KOHA)
Sınıflandırma Veya Raf Düzeni Kaynak
Koha Öğesi Türü Books
999 ## - SİSTEM KONTROL NUMARALARI (KOHA)
Koha Biblionumber 7118
Koha Biblioitemnumber 7118
Holdings
Kalıcı Konum Mevcut Konum Edinme Tarihi Edinim Kaynak Seri Numaralandırma / Kronolojik Toplam Check-Out'Lar Tam Çağrı Numarası Barkod Tarih Son Görülme İtibaren Geçerli Fiyatlar Koha Öğesi Türü
CHP Kütüphanesi CHP Kütüphanesi 08/12/2016 Bağış c.2   303.409561 T96t 1997 000883 08/12/2016 08/12/2016 Books
CHP Kütüphanesi CHP Kütüphanesi 08/19/2016 Bağış     303.409561 T96t 1997 001580 08/19/2016 08/19/2016 Books